[Event "CZE-ch U12 2020"]
[Site "Kouty nad Desnou"]
[Date "2020.03.08"]
[Round "2.6"]
[White "Setina, Vaclav"]
[Black "Zelba, Lukas"]
[Result "1/2-1/2"]
[WhiteElo "1507"]
[BlackElo "1727"]
[Annotator "NA"]
[PlyCount "130"]
[EventDate "2020.03.07"]
[EventCountry "CZE"]
[SourceTitle "playchess.com"]
[Source "ChessBase"]
[SourceQuality "1"]
[TimeControl "5400+30"]

1. e4 {[%emt 0:00:00]} e6 {[%emt 0:00:00]} 2. d4 {[%emt 0:00:00]} d5 {[%emt 0:00:00]} 3. exd5 {[%emt 0:00:00]} exd5 {[%emt 0:00:00]} 4. Bd3 {[%emt 0:00:00]} Bd6 {[%emt 0:00:17]} 5. Ne2 {[%emt 0:00:17]} Ne7 {[%emt 0:00:15]} 6. O-O {[%emt 0:00:11]} O-O {[%emt 0:00:26]} 7. Bf4 {[%emt 0:00:52]} Bf5 {[%emt 0:00:21]} 8. Bg3 {[%emt 0:02:48]} Nbc6 {[%emt 0:02:12]} 9. c3 {[%emt 0:00:17]} Qd7 {[%emt 0:01:21]} 10. Bxd6 {[%emt 0:04:22]} Qxd6 {[%emt 0:00:13]} 11. Na3 {[%emt 0:00:38]} Qg6 {[%emt 0:01:19]} 12. Bxf5 {[%emt 0:03:55]} Nxf5 {[%emt 0:01:25]} 13. Nf4 {[%emt 0:01:00]} Qd6 {[%emt 0:00:11]} 14. Qg4 {[%emt 0:04:24]} Nce7 {[%emt 0:01:45]} 15. Rfe1 {[%emt 0:07:22]} c6 {[%emt 0:01:54]} 16. Re2 {[%emt 0:05:15]} Nh6 {[%emt 0:00:32]} 17. Qf3 {[%emt 0:10:59]} Ng6 {[%emt 0:00:30]} 18. Nxg6 {[%emt 0:05:05]} fxg6 {[%emt 0:00:08]} 19. Qh3 {[%emt 0:01:05]} Rae8 {[%emt 0:02:35]} 20. Rae1 {[%emt 0:00:18]} Qd8 {[%emt 0:00:25]} 21. Nc2 {[%emt 0:03:54]} Nf5 {[%emt 0:00:15]} 22. Ne3 {[%emt 0:02:56]} Nd6 {[%emt 0:02:37]} 23. Kf1 {[%emt 0:05:02]} Re4 {[%emt 0:08:40]} 24. Ng4 {[%emt 0:05:11]} Ref4 {[%emt 0:01:47]} 25. Ne5 {[%emt 0:03:33]} Ne4 {[%emt 0:00:41]} 26. Qe6+ {[%emt 0:03:48]} Kh8 {[%emt 0:00:52]} 27. f3 {[%emt 0:02:55]} Qh4 {[%emt 0:08:42]} 28. Kg1 {[%emt 0:13:28]} Qf6 {[%emt 0:02:32]} 29. Qxf6 {[%emt 0:01:09]} Nxf6 {[%emt 0:00:11]} 30. g3 {[%emt 0:01:32]} Rf5 {[%emt 0:00:17]} 31. g4 {[%emt 0:01:34]} Rf4 {[%emt 0:00:53]} 32. Kg2 {[%emt 0:01:03]} Ng8 {[%emt 0:01:41]} 33. h4 {[%emt 0:03:16]} Rd8 {[%emt 0:01:19]} 34. h5 {[%emt 0:01:00]} gxh5 {[%emt 0:02:27]} 35. Rh1 {[%emt 0:01:13]} g6 {[%emt 0:01:32]} 36. gxh5 {[%emt 0:01:23]} Kg7 {[%emt 0:00:14]} 37. hxg6 {[%emt 0:01:25]} hxg6 {[%emt 0:00:12]} 38. Kg3 {[%emt 0:01:29]} Rff8 {[%emt 0:01:24]} 39. Reh2 {[%emt 0:02:03]} Nf6 {[%emt 0:00:21]} 40. Ng4 {[%emt 0:00:14]} Nh5+ {[%emt 0:01:48]} 41. Kf2 {[%emt 0:00:37]} Rf4 {[%emt 0:02:32]} 42. Ne5 {[%emt 0:00:21]} Rdf8 {[%emt 0:00:17]} 43. Rg2 {[%emt 0:00:07]} Kh7 {[%emt 0:01:38]} 44. Rxg6 {[%emt 0:01:57]} Rxf3+ {[%emt 0:00:06]} 45. Ke2 {[%emt 0:01:18]} R3f5 {[%emt 0:01:17]} 46. Rg4 {[%emt 0:01:03]} Rg8 {[%emt 0:01:40]} 47. Rgh4 {[%emt 0:00:30]} Rg2+ {[%emt 0:01:50]} 48. Ke3 {[%emt 0:00:37]} Kh6 {[%emt 0:01:03]} 49. Ng4+ {[%emt 0:00:23]} Kg6 {[%emt 0:01:20]} 50. Ne5+ {[%emt 0:00:05]} Kh6 {[%emt 0:00:09]} 51. Nf7+ {[%emt 0:00:37]} Rxf7 {[%emt 0:03:35]} 52. Rxh5+ {[%emt 0:00:02]} Kg7 {[%emt 0:00:45]} 53. Rh7+ {[%emt 0:00:36]} Kf8 {[%emt 0:00:07]} 54. Rxf7+ {[%emt 0:00:52]} Kxf7 {[%emt 0:00:10]} 55. Rh7+ {[%emt 0:00:01]} Rg7 {[%emt 0:00:08]} 56. Rxg7+ {[%emt 0:00:13]} Kxg7 {[%emt 0:00:06]} 57. Kf3 {[%emt 0:00:38]} Kf7 {[%emt 0:01:40]} 58. Kf4 {[%emt 0:00:11]} Kf6 {[%emt 0:01:35]} 59. Kg4 {[%emt 0:00:02]} Kg6 {[%emt 0:02:23]} 60. Kf4 {[%emt 0:00:01]} Kf6 {[%emt 0:00:08]} 61. a4 {[%emt 0:01:08]} a5 {[%emt 0:03:38]} 62. b4 {[%emt 0:01:52]} b6 {[%emt 0:00:09]} 63. bxa5 {[%emt 0:00:49]} bxa5 {[%emt 0:00:13]} 64. Kg4 {[%emt 0:00:25]} Kg6 {[%emt 0:00:39]} 65. Kf4 {[%emt 0:00:01]} Kf6 {[%emt 0:00:09]} 1/2-1/2

[Event "CZE-ch U12 2020"]
[Site "Kouty nad Desnou"]
[Date "2020.03.08"]
[Round "2.7"]
[White "Babula, Matej"]
[Black "Soucek, Jan"]
[Result "0-1"]
[WhiteElo "1353"]
[BlackElo "1872"]
[Annotator "NA"]
[PlyCount "174"]
[EventDate "2020.03.07"]
[EventCountry "CZE"]
[SourceTitle "playchess.com"]
[Source "ChessBase"]
[SourceQuality "1"]
[TimeControl "5400+30"]

1. e4 {[%emt 0:00:00]} c5 {[%emt 0:00:00]} 2. c3 {[%emt 0:00:00]} d5 {[%emt 0:09:50]} 3. exd5 {[%emt 0:00:00]} Qxd5 {[%emt 0:00:15]} 4. d4 {[%emt 0:00:00]} Nc6 {[%emt 0:07:18]} 5. Nf3 {[%emt 0:00:24]} Bg4 {[%emt 0:06:40]} 6. Be2 {[%emt 0:03:05]} e6 {[%emt 0:04:09]} 7. h3 {[%emt 0:01:53]} Bh5 {[%emt 0:01:24]} 8. O-O {[%emt 0:01:15]} ({Better is} 8. c4 $14 Qd6 9. d5 Bxf3 10. Bxf3 Qe5+ 11. Be3 exd5 12. cxd5) 8... Nf6 {[%emt 0:08:03]} 9. Na3 {[%emt 0:04:08]} Rd8 {[%emt 0:16:44] [#] B22: Sicilian: 2 c3.} 10. Nc2 $146 {[%emt 0:05:34]} ({White should try} 10. Nb5 $14 Qd7 11. g4) ({Predecessor:} 10. Be3 cxd4 11. Nb5 Rd7 12. Nbxd4 Nxd4 13. cxd4 Bd6 14. Qa4 a6 15. Rfc1 O-O 16. b4 Rc7 17. Rxc7 Bxc7 {0-1 (36) Murgia,A (2123)-Sanchez,J (2410) Nice 2003}) 10... Qd6 {[%emt 0:08:12]} 11. Be3 {[%emt 0:05:21]} Qc7 {[%emt 0:01:19]} 12. Qe1 {[%emt 0:09:04]} Nd5 {[%emt 0:01:57]} 13. dxc5 {[%emt 0:03:33]} Nxe3 {[%emt 0:01:07]} (13... Bg6 $5 {[%cal Rg6c2]} 14. Ncd4 Nxe3 15. fxe3 Bxc5 $15) 14. Nxe3 {[%emt 0:00:06]} Bxc5 {[%emt 0:00:29]} 15. Rd1 {[%emt 0:02:19]} O-O {[%emt 0:04:22]} 16. Rxd8 {[%emt 0:01:26]} Rxd8 {[%emt 0:00:12]} 17. Qc1 {[%emt 0:00:43]} f5 {[%emt 0:12:14]} 18. Rd1 {[%emt 0:02:29]} f4 {[%emt 0:02:56]} ({Black should try} 18... Rxd1+ $11 19. Qxd1 Bxf3 20. Bxf3 Ne5) 19. Rxd8+ {[%emt 0:02:32]} Qxd8 {[%emt 0:00:51]} 20. Nc4 {[%emt 0:01:15]} e5 {[%emt 0:03:53]} 21. Qd2 {[%emt 0:02:59]} Qe7 {[%emt 0:02:32]} (21... e4 $11 22. Qxd8+ Nxd8) 22. Ncxe5 {[%emt 0:10:02]} Nxe5 {[%emt 0:03:28]} 23. Qd5+ {[%emt 0:00:06]} Bf7 {[%emt 0:01:27]} 24. Qxe5 {[%emt 0:00:18]} Qxe5 {[%emt 0:00:30]} 25. Nxe5 {[%emt 0:00:07]} Bxa2 {[%emt 0:00:24]} 26. Bf3 {[%emt 0:04:25]} Bd6 {[%emt 0:00:55]} 27. Nd3 {[%emt 0:00:31]} b6 {[%emt 0:00:32]} 28. Kf1 {[%emt 0:00:21]} Kf7 {[%emt 0:00:54]} 29. Ke2 {[%emt 0:00:13]} g5 {[%emt 0:01:14]} 30. Be4 {[%emt 0:00:27]} h5 {[%emt 0:00:26]} 31. Ne1 {[%emt 0:02:02]} Bc4+ {[%emt 0:00:26]} 32. Bd3 {[%emt 0:00:46]} Bd5 {[%emt 0:00:20]} 33. f3 {[%emt 0:00:29]} Kf6 {[%emt 0:00:51]} 34. Nc2 {[%emt 0:00:34]} Ke5 {[%emt 0:00:34]} 35. Bg6 {[%emt 0:00:39]} h4 {[%emt 0:00:13]} 36. Bd3 {[%emt 0:01:28]} Bc5 {[%emt 0:00:37]} (36... a5 $15) 37. Bb5 {[%emt 0:02:13]} ({Better is} 37. Ba6 $11) 37... Bb7 {[%emt 0:00:32]} 38. Kd3 {[%emt 0:01:17]} (38. b4 $15 Be7 39. Na3) 38... a6 {[%emt 0:00:22]} 39. Ba4 $2 {[%emt 0:00:28]} (39. Bd7 $15) 39... b5 {[%emt 0:00:28]} 40. Bb3 {[%emt 0:00:06] [#]} a5 $2 {[%emt 0:00:40]} (40... g4 $1 $19 {[%mdl 512]} 41. Ke2 (41. fxg4 Bxg2) 41... gxf3+ 42. gxf3 Bc8) 41. Bf7 {[%emt 0:01:18] [#]} (41. Ne1 $15) 41... Ba6 $2 {[%emt 0:00:34]} (41... g4 $1 $19 {[%cal Rg4f3][%mdl 512]} 42. Bh5 {[#]} (42. fxg4 Bxg2) 42... Bxf3 $1 {[%mdl 576] Promotion}) 42. c4 {[%emt 0:00:46]} (42. b4 $11 {keeps the balance.} axb4 43. cxb4) 42... b4 {[%emt 0:00:20]} 43. Be8 {[%emt 0:00:26]} Bb6 {[%emt 0:00:39]} 44. b3 {[%emt 0:00:20]} Bc5 {[%emt 0:00:17]} 45. Bc6 {[%emt 0:02:25]} Bc8 {[%emt 0:00:32]} 46. Be8 {[%emt 0:00:49]} Bb7 {[%emt 0:00:34]} 47. Bb5 $2 {[%emt 0:00:17]} (47. Ke2 $17) 47... Ba8 {[%emt 0:00:16]} 48. Be8 {[%emt 0:00:18]} Bb7 {[%emt 0:00:23]} 49. Bb5 {[%emt 0:00:17]} g4 {[%emt 0:00:53]} 50. hxg4 {[%emt 0:02:10] [#]} Bxf3 $1 {[%emt 0:00:22] Promotion} 51. Ne1 {[%emt 0:02:20]} ({Don't go for} 51. gxf3 $2 h3 $19) 51... Bxg4 {[%emt 0:00:11]} 52. Bc6 {[%emt 0:00:57]} Bf5+ {[%emt 0:00:50]} 53. Ke2 $1 $11 {[%emt 0:00:37]} Kd4 {[%emt 0:00:44]} 54. Kd2 {[%emt 0:00:07]} Ke5 $2 {[%emt 0:00:30]} (54... Be7 $19 55. Nf3+ Kc5) 55. Nf3+ {[%emt 0:00:20]} Kd6 {[%emt 0:00:10]} 56. Nxh4 {[%emt 0:01:23]} Be3+ {[%emt 0:00:36]} 57. Ke2 {[%emt 0:00:24]} Bc2 {[%emt 0:00:36]} ({Much weaker is} 57... Kxc6 $6 58. Nxf5 Bg1 59. Ne7+ Kc5 60. Kd3 $11) 58. Ba4 {[%emt 0:00:05]} Ke5 {[%emt 0:00:32]} 59. Nf3+ {[%emt 0:00:51]} Kf5 {[%emt 0:00:27]} 60. Ne1 {[%emt 0:01:07] [#]} Bb1 $1 {[%emt 0:00:39]} 61. Bc6 {[%emt 0:00:36]} Kg4 {[%emt 0:00:23]} 62. Kd1 {[%emt 0:01:38]} Bf5 {[%emt 0:00:25]} 63. Ke2 {[%emt 0:01:42]} Kg3 {[%emt 0:00:27]} 64. Kd1 {[%emt 0:00:49]} Kf2 {[%emt 0:00:35]} 65. Nf3 {[%emt 0:03:13]} Bg6 {[%emt 0:00:39]} 66. Ne1 $19 {[%emt 0:00:18]} (66. Nd2) 66... Bh5+ {[%emt 0:00:17]} 67. Bf3 {[%emt 0:01:15] [#]} Bxf3+ $1 {[%emt 0:00:15]} 68. gxf3 {[%emt 0:00:04]} Bb6 {[%emt 0:00:44]} 69. Kd2 {[%emt 0:00:20]} Bd4 {[%emt 0:00:15]} 70. c5 {[%emt 0:02:31]} Bc3+ {[%emt 0:00:57]} 71. Kd1 {[%emt 0:00:05]} Ke3 {[%emt 0:00:28]} 72. c6 {[%emt 0:00:27]} Be5 {[%emt 0:00:09]} 73. Kc2 {[%emt 0:00:29]} Bd6 {[%emt 0:00:20]} 74. Ng2+ {[%emt 0:06:59]} Kxf3 {[%emt 0:00:20]} 75. Nxf4 {[%emt 0:00:07]} Kxf4 {[%emt 0:00:24]} 76. Kd3 {[%emt 0:00:04]} Ke5 {[%emt 0:00:15]} 77. Kc4 {[%emt 0:00:03]} Bc7 {[%emt 0:00:20]} 78. Kb5 {[%emt 0:00:08]} Kd6 {[%emt 0:00:17]} 79. Ka4 {[%emt 0:00:10]} Bd8 {[%emt 0:01:06]} 80. Kb5 {[%emt 0:00:25]} Kd5 {[%emt 0:00:29]} 81. Ka4 {[%emt 0:00:09]} Kd4 {[%emt 0:00:32]} 82. Kb5 {[%emt 0:00:10]} Kc3 {[%emt 0:00:19]} 83. Ka4 {[%emt 0:00:15]} Kb2 {[%emt 0:00:14]} 84. Kb5 {[%emt 0:00:17]} Kxb3 {[%emt 0:00:08]} 85. Ka6 {[%emt 0:00:04]} a4 {[%emt 0:00:05]} 86. Kb7 {[%emt 0:00:03]} a3 {[%emt 0:00:13]} 87. c7 {[%emt 0:00:09]} Bxc7 {[%emt 0:00:01]} 0-1

[Event "CZE-ch U12 2020"]
[Site "Kouty nad Desnou"]
[Date "2020.03.08"]
[Round "2.8"]
[White "Day, Tobias"]
[Black "Tesar, Jakub"]
[Result "1-0"]
[WhiteElo "1837"]
[BlackElo "1446"]
[Annotator "NA"]
[PlyCount "83"]
[EventDate "2020.03.07"]
[EventCountry "CZE"]
[SourceTitle "playchess.com"]
[Source "ChessBase"]
[SourceQuality "1"]
[TimeControl "5400+30"]

{[%evp 8,76,34,25,20,4,25,32767,32767,-6,32767,0,0,32767,0,0,37,32767,32767,-30,31,32767,0,32767,70,32767,32767,76,69,32767,32767,33,9,-6,32767,0,0,-4,0,-37,0,32767,0,0,0,-33,-10,-58,-9,-3,32767,0,32767,-14,81,41,32767,24,32767,32767,32767,32767,32767,32767,32767,32767,32767,290,322,392,441]} 1. e4 {[%emt 0:00:00]} c5 {[%emt 0:00:00]} 2. Nf3 {[%emt 0:00:00]} d6 {[%emt 0:00:00]} 3. d4 {[%emt 0:00:06]} Nf6 {[%emt 0:00:28]} 4. Nc3 {[%emt 0:00:36]} cxd4 {[%emt 0:00:11]} 5. Qxd4 {[%emt 0:05:14]} Nc6 {[%emt 0:00:26]} 6. Bb5 {[%emt 0:00:11] B53: Sicilian: 2...d6: Lines with Qxd4.} e5 {[%emt 0:00:12]} 7. Qd3 {[%emt 0:00:57]} a6 {[%emt 0:00:54]} 8. Bxc6+ {[%emt 0:01:04]} bxc6 {[%emt 0:00:10]} 9. Bg5 {[%emt 0:00:31]} h6 {[%emt 0:03:21]} 10. Bh4 {[%emt 0:03:00]} Be6 {[%emt 0:03:13]} 11. Rd1 {[%emt 0:10:30] [#]} Be7 $146 {[%emt 0:15:14]} ({Predecessor:} 11... g5 12. Bg3 Nh5 13. Qe3 Nxg3 14. fxg3 Qa5 15. O-O Rd8 16. Qa7 Bc4 17. Rf2 Be7 {1-0 (32) Andrades,D-Poffo,A Pan American 1998}) 12. O-O {[%emt 0:06:08]} Qd7 {[%emt 0:07:55]} 13. Rd2 {[%emt 0:10:18]} (13. Bxf6 $14 gxf6 14. Nd2) 13... Rg8 {[%emt 0:12:24]} ({Black should play} 13... g5 $15 14. Bg3 O-O) 14. Rfd1 {[%emt 0:12:06]} g5 {[%emt 0:09:35]} 15. Bg3 {[%emt 0:00:28]} h5 {[%emt 0:05:18]} ({Black should play} 15... Qb7 $11) 16. h4 {[%emt 0:00:55]} gxh4 {[%emt 0:06:47]} 17. Bxh4 {[%emt 0:12:02]} Bh3 {[%emt 0:12:09]} 18. g3 {[%emt 0:05:23]} Bg4 {[%emt 0:02:48]} 19. Re1 {[%emt 0:02:36]} Bxf3 {[%emt 0:09:24]} 20. Bxf6 {[%emt 0:03:39]} Bxf6 {[%emt 0:00:51]} 21. Qxf3 {[%emt 0:00:13] Double Attack} Bg5 {[%emt 0:00:55]} 22. Rd3 {[%emt 0:01:29]} h4 {[%emt 0:00:51]} 23. Qg2 {[%emt 0:01:38]} Be7 {[%emt 0:01:13]} 24. Nd1 {[%emt 0:01:48]} hxg3 {[%emt 0:00:49]} 25. Rxg3 {[%emt 0:00:53]} Rxg3 {[%emt 0:00:14]} 26. fxg3 {[%emt 0:00:11]} Qe6 {[%emt 0:00:29]} 27. Re3 {[%emt 0:06:14]} Qxa2 (27... d5 $17 28. Kf1 Bc5) 28. Rb3 {[%emt 0:02:02]} Qa5 {[%emt 0:04:01]} 29. Kf1 {[%emt 0:03:02]} Qc7 {[%emt 0:00:32]} 30. Ne3 {[%emt 0:01:06]} O-O-O {[%emt 0:01:41]} (30... a5 $11) 31. Qh3+ {[%emt 0:04:56]} Qd7 {[%emt 0:00:42]} 32. Nf5 {[%emt 0:00:24]} Bf8 {[%emt 0:01:15]} 33. g4 {[%emt 0:03:40]} Qe6 {[%emt 0:00:58]} 34. Qd3 {[%emt 0:00:12]} Kd7 {[%emt 0:01:22]} 35. Qxa6 {[%emt 0:01:05]} Rc8 {[%emt 0:00:33]} 36. Rb7+ {[%emt 0:00:48]} Ke8 {[%emt 0:00:24]} 37. Rb6 {[%emt 0:00:52]} Qd7 {[%emt 0:00:14]} 38. b4 {[%emt 0:00:23]} Kd8 $18 {[%emt 0:00:39]} 39. b5 {[%emt 0:00:33]} cxb5 {[%emt 0:00:40]} 40. Nxd6 {[%emt 0:00:15]} Rxc2 {[%emt 0:00:31]} 41. Rb8+ {[%emt 0:00:35]} Ke7 {[%emt 0:00:24]} 42. Nf5+ 1-0

[Event "CZE-ch U12 2020"]
[Site "Kouty nad Desnou"]
[Date "2020.03.08"]
[Round "2.9"]
[White "Hobza, Richard"]
[Black "Tichy, Tomas"]
[Result "1/2-1/2"]
[WhiteElo "1251"]
[BlackElo "1810"]
[Annotator "NA"]
[PlyCount "74"]
[EventDate "2020.03.07"]
[EventCountry "CZE"]
[SourceTitle "playchess.com"]
[Source "ChessBase"]
[SourceQuality "1"]
[TimeControl "5400+30"]

1. d4 {[%emt 0:00:00]} Nf6 {[%emt 0:00:00]} 2. Nf3 {[%emt 0:00:00]} c5 {[%emt 0:00:29]} 3. e3 {[%emt 0:03:46]} g6 {[%emt 0:01:06]} 4. c3 {[%emt 0:01:23]} cxd4 {[%emt 0:04:00]} 5. exd4 {[%emt 0:02:07]} Bg7 {[%emt 0:02:18]} 6. Bc4 {[%emt 0:02:40] A48: 1 d4 Nf6 2 Nf3 g6: Torre, London and Colle Systems.} d5 {[%emt 0:03:24]} 7. Bd3 {[%emt 0:04:29]} O-O {[%emt 0:01:13]} 8. O-O {[%emt 0:03:35]} Bg4 {[%emt 0:02:35]} 9. h3 {[%emt 0:02:06]} Bd7 {[%emt 0:03:36] [#]} (9... Bxf3 $5 10. Qxf3 Nc6 $11) 10. Be3 $146 {[%emt 0:03:26]} ({Predecessor:} 10. Re1 Nc6 11. Be3 Qc8 12. Kh2 Re8 13. Nbd2 Qc7+ 14. g3 Nh5 15. Nf1 e5 16. dxe5 Nxe5 17. Nxe5 Bxe5 {½-½ (26) Dominguez Gutierrez,J (1559)-Segura Acosta,R (1101) Gran Canaria 2019}) 10... Nc6 {[%emt 0:01:37]} 11. Nbd2 {[%emt 0:02:06]} a6 {[%emt 0:04:57]} 12. Nb3 {[%emt 0:02:52]} b6 {[%emt 0:11:27]} 13. Qd2 {[%emt 0:04:25]} Re8 {[%emt 0:04:29]} 14. Rfe1 {[%emt 0:03:34]} Qc8 {[%emt 0:05:32]} 15. Kh2 {[%emt 0:12:54]} (15. Ne5 $14) 15... Bf5 {[%emt 0:04:57]} 16. Qc2 {[%emt 0:02:32]} Bxd3 {[%emt 0:01:57]} 17. Qxd3 {[%emt 0:00:42]} Qc7+ {[%emt 0:04:37]} 18. Kg1 {[%emt 0:02:19]} Qb7 {[%emt 0:12:47]} 19. Rac1 $11 {[%emt 0:08:13]} Rac8 {[%emt 0:03:25]} 20. Bf4 {[%emt 0:09:42]} Nd7 {[%emt 0:03:08]} 21. Ne5 {[%emt 0:03:54]} Ncxe5 {[%emt 0:02:19]} 22. Bxe5 {[%emt 0:00:47]} Nxe5 {[%emt 0:00:47]} 23. dxe5 {[%emt 0:00:14]} e6 {[%emt 0:03:21]} 24. c4 {[%emt 0:02:42]} dxc4 {[%emt 0:00:49]} 25. Rxc4 {[%emt 0:00:18]} Rxc4 {[%emt 0:02:30]} 26. Qxc4 {[%emt 0:00:22]} Rc8 {[%emt 0:01:07]} 27. Qe2 {[%emt 0:00:48]} a5 {[%emt 0:02:13]} 28. Qb5 {[%emt 0:03:54]} Rb8 {[%emt 0:05:29]} 29. Nd2 {[%emt 0:03:41]} Bf8 {[%emt 0:02:11]} 30. Nf3 {[%emt 0:00:44]} Bb4 {[%emt 0:00:29]} 31. Rd1 {[%emt 0:00:36]} Qe4 {[%emt 0:04:31]} 32. a3 {[%emt 0:02:18]} Bc5 {[%emt 0:00:21]} 33. Re1 {[%emt 0:01:17]} Qc2 {[%emt 0:00:27]} 34. Qe2 {[%emt 0:00:27]} Qb3 {[%emt 0:00:33]} 35. Rd1 {[%emt 0:04:09]} Rc8 {[%emt 0:01:08]} 36. Rd3 {[%emt 0:01:27]} Qa4 {[%emt 0:00:31]} 37. Qd2 {[%emt 0:01:01]} Qc6 1/2-1/2

[Event "CZE-ch U12 2020"]
[Site "Kouty nad Desnou"]
[Date "2020.03.08"]
[Round "2.10"]
[White "Nguyen, Thai Dang Vi"]
[Black "Sigut, Ondrej"]
[Result "1-0"]
[WhiteElo "1510"]
[BlackElo "1274"]
[Annotator "NA"]
[PlyCount "75"]
[EventDate "2020.03.07"]
[EventCountry "CZE"]
[SourceTitle "playchess.com"]
[Source "ChessBase"]
[SourceQuality "1"]
[TimeControl "5400+30"]

1. e4 {[%emt 0:00:00]} c5 {[%emt 0:00:00]} 2. Nf3 {[%emt 0:00:00]} Nc6 {[%emt 0:00:00]} 3. d4 {[%emt 0:00:00]} cxd4 {[%emt 0:00:01]} 4. Nxd4 {[%emt 0:00:00]} Nf6 {[%emt 0:00:56]} 5. Nc3 {[%emt 0:00:13]} e5 {[%emt 0:00:09]} 6. Ndb5 {[%emt 0:00:17]} d6 {[%emt 0:00:30]} 7. Nd5 {[%emt 0:00:25]} Nxd5 {[%emt 0:00:20]} 8. exd5 {[%emt 0:00:08]} Ne7 {[%emt 0:00:24]} 9. c3 {[%emt 0:00:12]} Ng6 {[%emt 0:00:49]} 10. Qa4 {[%emt 0:00:28]} Bd7 {[%emt 0:01:29]} 11. Qb4 {[%emt 0:00:16]} Qb8 {[%emt 0:06:57]} 12. Qc4 {[%emt 0:03:27]} Bxb5 {[%emt 0:03:08]} 13. Qxb5+ {[%emt 0:00:13]} Ke7 {[%emt 0:01:01]} 14. Be2 {[%emt 0:00:43]} Qc7 {[%emt 0:03:42]} 15. O-O {[%emt 0:01:41]} f6 {[%emt 0:04:03]} 16. Be3 {[%emt 0:01:36]} Rg8 {[%emt 0:06:42]} 17. Bg4 {[%emt 0:01:18]} Nh8 {[%emt 0:06:26]} 18. Be6 {[%emt 0:00:58]} Nf7 {[%emt 0:02:51]} 19. c4 {[%emt 0:02:21]} b6 {[%emt 0:09:57]} 20. b4 {[%emt 0:05:17]} Rb8 {[%emt 0:04:11]} 21. Qa6 {[%emt 0:01:52]} Rh8 {[%emt 0:03:34]} 22. Rac1 {[%emt 0:07:19]} Qb7 {[%emt 0:08:08]} 23. Qa4 {[%emt 0:03:55]} Nd8 {[%emt 0:07:54]} 24. Bh3 {[%emt 0:00:33]} Kf7 {[%emt 0:02:40]} 25. Rfd1 {[%emt 0:06:37]} Be7 {[%emt 0:02:13]} 26. c5 {[%emt 0:02:42]} bxc5 {[%emt 0:05:04]} 27. bxc5 {[%emt 0:00:16]} g6 {[%emt 0:03:58]} 28. c6 {[%emt 0:01:26]} Qc7 {[%emt 0:01:19]} 29. Qxa7 {[%emt 0:01:01]} Qxa7 {[%emt 0:01:43]} 30. Bxa7 {[%emt 0:00:36]} Ra8 {[%emt 0:02:02]} 31. c7 {[%emt 0:00:28]} Nb7 {[%emt 0:00:43]} 32. Bb8 {[%emt 0:00:24]} Raxb8 {[%emt 0:00:00]} 33. cxb8=Q {[%emt 0:00:00]} Rxb8 {[%emt 0:00:00]} 34. Be6+ {[%emt 0:00:24]} Ke8 {[%emt 0:00:11]} 35. Rb1 {[%emt 0:01:19]} Bd8 {[%emt 0:01:31]} 36. Rdc1 {[%emt 0:00:28]} Ba5 {[%emt 0:01:42]} 37. Bc8 {[%emt 0:00:55]} Kd8 {[%emt 0:00:42]} 38. Bxb7 {[%emt 0:00:22]} 1-0

[Event "CZE-ch U12 2020"]
[Site "Kouty nad Desnou"]
[Date "2020.03.08"]
[Round "2.11"]
[White "Sedmihradsky, Tomas"]
[Black "Buchta, Bartolomej"]
[Result "1-0"]
[WhiteElo "1024"]
[BlackElo "1508"]
[Annotator "NA"]
[PlyCount "93"]
[EventDate "2020.03.07"]
[EventCountry "CZE"]
[SourceTitle "playchess.com"]
[Source "ChessBase"]
[SourceQuality "1"]
[TimeControl "5400+30"]

1. e4 {[%emt 0:00:00]} c5 {[%emt 0:00:00]} 2. f4 {[%emt 0:00:00]} d6 {[%emt 0:00:18]} 3. Nf3 {[%emt 0:00:15]} e6 {[%emt 0:01:01]} 4. d3 {[%emt 0:00:14]} Nf6 {[%emt 0:02:58]} 5. Nc3 {[%emt 0:00:36]} Nc6 {[%emt 0:02:03]} 6. g3 {[%emt 0:01:08]} Rb8 {[%emt 0:01:52]} 7. Bg2 {[%emt 0:01:26]} b5 {[%emt 0:10:08]} 8. a3 {[%emt 0:00:42]} Qc7 {[%emt 0:02:09]} 9. O-O {[%emt 0:01:22]} Be7 {[%emt 0:01:36]} 10. Kh1 {[%emt 0:00:50]} O-O {[%emt 0:01:56]} 11. Be3 {[%emt 0:01:04]} e5 {[%emt 0:04:02]} 12. f5 {[%emt 0:01:35]} Nd4 {[%emt 0:02:06]} 13. Bxd4 {[%emt 0:01:44]} cxd4 {[%emt 0:00:21]} 14. Nd5 {[%emt 0:02:24]} Nxd5 {[%emt 0:00:13]} 15. exd5 {[%emt 0:00:06]} b4 {[%emt 0:07:56]} 16. a4 {[%emt 0:02:25]} Qb7 {[%emt 0:09:54]} 17. Nd2 {[%emt 0:01:33]} Qa8 {[%emt 0:05:13]} 18. Nc4 {[%emt 0:01:22]} Bb7 {[%emt 0:01:13]} 19. Qf3 {[%emt 0:00:46]} Rfc8 {[%emt 0:02:36]} 20. Na5 {[%emt 0:17:45]} Rxc2 {[%emt 0:03:12]} 21. Nc6 {[%emt 0:00:11]} Bxc6 {[%emt 0:00:29]} 22. dxc6 {[%emt 0:00:14]} Rc8 {[%emt 0:02:18]} 23. Rac1 {[%emt 0:00:32]} Rc5 {[%emt 0:01:00]} 24. Rxc5 {[%emt 0:00:22]} dxc5 {[%emt 0:00:07]} 25. Qd5 {[%emt 0:00:31]} Qb8 {[%emt 0:02:08]} 26. Re1 {[%emt 0:01:24]} Bd6 {[%emt 0:01:30]} 27. b3 {[%emt 0:02:29]} Qc7 {[%emt 0:03:53]} 28. h4 {[%emt 0:01:47]} Qe7 {[%emt 0:03:16]} 29. Qf3 {[%emt 0:06:51]} Qf6 {[%emt 0:02:38]} 30. Qf2 {[%emt 0:03:00]} Qh6 {[%emt 0:01:47]} 31. Bd5 {[%emt 0:08:20]} Qh5 {[%emt 0:03:27]} 32. Kg2 {[%emt 0:04:50]} Rd8 {[%emt 0:06:20]} 33. Kh3 {[%emt 0:00:38]} g5 {[%emt 0:02:01]} 34. fxg6 {[%emt 0:01:55]} Qxg6 {[%emt 0:00:09]} 35. Qf3 {[%emt 0:00:38]} Bc7 {[%emt 0:01:41]} 36. h5 {[%emt 0:01:24]} Qg7 {[%emt 0:01:02]} 37. Rf1 {[%emt 0:00:33]} Rf8 {[%emt 0:00:30]} 38. g4 {[%emt 0:02:19]} Kh8 {[%emt 0:04:57]} 39. Qf5 {[%emt 0:03:04]} f6 {[%emt 0:02:12]} 40. g5 {[%emt 0:00:29]} Bd8 {[%emt 0:00:47]} 41. Rf3 {[%emt 0:07:26]} Qe7 {[%emt 0:03:06]} 42. gxf6 {[%emt 0:06:07]} Rxf6 {[%emt 0:00:50]} 43. Qxf6+ {[%emt 0:00:16]} Qxf6 {[%emt 0:00:27]} 44. Rxf6 {[%emt 0:00:07]} Kg7 {[%emt 0:00:43]} 45. Rf7+ {[%emt 0:00:24]} Kh6 {[%emt 0:00:07]} 46. c7 {[%emt 0:00:11]} Bxc7 {[%emt 0:00:15]} 47. Rxc7 1-0